| 000 | 00378nam a2200133Ia 4500 | ||
|---|---|---|---|
| 008 | 191201s2010 xx 000 0 und d | ||
| 082 |
_a488.9 _bLAC |
||
| 100 | _aLATA, Pushp | ||
| 245 | 0 | _aCOMMUNICATE TO CONQUER A HANDBOOK OF EFFECTIVE PUBLIC SPEAKING, GROUP DISCUSSIONS AND INTERVIEWS | |
| 260 |
_aN.Delhi _bPHI _c2010 |
||
| 300 | _a136 | ||
| 650 | _aApplied | ||
| 942 |
_2ddc _cBK |
||
| 999 |
_c4279 _d4279 |
||